Top 50 ATP Tennis Players - Statistics

General Stats
  • This quiz has been taken 51 times
  • The average score is 19 of 50
Answer Stats
Birthplace Rank Answer % Correct
Belgrade 1 Novak Djokovic
98%
Manacor 2 Rafael Nadal
98%
Basel 3 Roger Federer
98%
Hamburg 5 Alexander Zverev
76%
Wiener Neustadt 4 Dominic Thiem
69%
Johannesburg 11 Kevin Anderson
69%
Medugorje 17 Marin Cilic
67%
Athens 6 Stefanos Tsitsipas
67%
Lausanne 22 Stan Wawrinka
58%
Moscow 10 Daniil Medvedev
56%
Paris 19 Gael Monfils
53%
Canberra 47 Nick Kyrgios
53%
Tandil 12 Juan Martin del Potro
51%
Castellon de la Plana 13 Roberto Bautista Agut
51%
Zagreb 14 Borna Coric
49%
Sanremo 9 Fabio Fognini
49%
Greensboro 15 John Isner
49%
Podgorica 21 Milos Raonic
49%
Moscow 8 Karen Khachanov
47%
Matsue 7 Kei Nishikori
47%
Liege 18 David Goffin
42%
Beziers 50 Richard Gasquet
42%
Sydney 33 Alex de Minaur
40%
Rome 20 Matteo Berrettini
40%
Buenos Aires 25 Diego Schwartzman
38%
Nice 31 Gilles Simon
38%
Tel Aviv 29 Denis Shapovalov
36%
Avignon 28 Benoit Paire
33%
Santiago 37 Cristian Garin
31%
Montreal 23 Felix Auger-Aliassime
31%
Tbilisi 16 Nikoloz Basilashvili
29%
Belgrade 36 Dusan Lajovic
27%
San Francisco 39 Sam Querrey
27%
Grande-Synthe 27 Lucas Pouille
24%
Madrid 26 Fernando Verdasco
22%
Wroclaw 44 Hubert Hurkacz
22%
San Diego 30 Taylor Fritz
22%
Hyattsville 41 Frances Tiafoe
18%
Sydney 43 Jordan Thompson
18%
Chisinau 42 Radu Albot
16%
Johannesburg 34 Kyle Edmund
13%
Metz 48 Ugo Humbert
13%
Palermo 40 Marco Cecchinato
11%
Bahia Blanca 24 Guido Pella
9%
Senta 32 Laslo Djere
9%
Concordia 46 Pablo Cuevas
7%
Schiltigheim 38 Pierre-Hugues Herbert
7%
Warstein 35 Jan-Lennard Struff
4%
Volgograd 45 Mikhail Kukushkin
2%
Nyiregyhaza 49 Marton Fucsovics
0%
No matching quizzes found
Score Distribution
Percent of People with Each Score
Percentile by Number Answered
Your Score History
You have not taken this quiz